| 000 | nam a22 7a 4500 | ||
|---|---|---|---|
| 999 |
_c27711 _d27711 |
||
| 008 | 170210b xxu||||| |||| 00| 0 eng d | ||
| 020 | _a0618168419 | ||
| 020 | _a9780618168415 | ||
| 050 | _aG 128 .W67 2003 | ||
| 100 | _aBernarz, Sarah Witham. | ||
| 245 |
_aWorld cultures and geography/ _cSarah Witham Bednarz, Ines M. Miyares, Mark C. Schug and Charles S. White. |
||
| 260 |
_aEvanston, IL : _bMcDougal Littell, _c ©2003. |
||
| 300 |
_axxi, 745p. : _bill. ; _c29cm. |
||
| 650 | _aGeography. | ||
| 700 | _aMiyares, Ines M. | ||
| 700 | _aSchug, Mark C. | ||
| 700 | _aWhite, Charles S. | ||
| 942 |
_2lcc _cBOOKS |
||